00597nam a2200169 a 450000100100000000500170001000800410002702000150006804000250008310000240010824500530013226000440018530000280022950000420025795201110029999900170041000003557420200930074438.0111103s1995 xxua 000 0 spa d a0891345833 aDO-SdBNPbspacBNPHU1 aOldach, Mark96147510aCreativity for graphic designers /cMark Oldach. aCincinnati :bNorth Light Books,c1995. a138 p. :bils. ;c30 p. aIncluye datos biográficos del autor 001054708MOaGRbGRcCTd2011-11-03iLF1l0o p35574-10r2020-06-25w2020-06-25y4ZPréstamo en sala c35065d35065